<?xml version="1.0" encoding="UTF-8"?><?xml-stylesheet type="text/xsl" href="static/style.xsl"?><OAI-PMH xmlns="http://www.openarchives.org/OAI/2.0/" xmlns:xsi="http://www.w3.org/2001/XMLSchema-instance" xsi:schemaLocation="http://www.openarchives.org/OAI/2.0/ http://www.openarchives.org/OAI/2.0/OAI-PMH.xsd"><responseDate>2026-06-02T21:20:25Z</responseDate><request verb="GetRecord" identifier="oai:riuma.uma.es:10630/23945" metadataPrefix="marc">https://riuma.uma.es/rest/oai/request</request><GetRecord><record><header><identifier>oai:riuma.uma.es:10630/23945</identifier><datestamp>2026-02-03T10:49:47Z</datestamp><setSpec>com_10630_2254</setSpec><setSpec>col_10630_37953</setSpec></header><metadata><record xmlns="http://www.loc.gov/MARC21/slim" xmlns:dcterms="http://purl.org/dc/terms/" xmlns:doc="http://www.lyncode.com/xoai" xmlns:xsi="http://www.w3.org/2001/XMLSchema-instance" xsi:schemaLocation="http://www.loc.gov/MARC21/slim http://www.loc.gov/standards/marcxml/schema/MARC21slim.xsd">
   <leader>00925njm 22002777a 4500</leader>
   <datafield ind2=" " ind1=" " tag="042">
      <subfield code="a">dc</subfield>
   </datafield>
   <datafield ind2=" " ind1=" " tag="720">
      <subfield code="a">Dahi, Zakaria Abdelmoiz</subfield>
      <subfield code="e">author</subfield>
   </datafield>
   <datafield ind2=" " ind1=" " tag="720">
      <subfield code="a">Alba-Torres, Enrique</subfield>
      <subfield code="e">author</subfield>
   </datafield>
   <datafield ind2=" " ind1=" " tag="260">
      <subfield code="c">2022-02</subfield>
   </datafield>
   <datafield ind2=" " ind1=" " tag="520">
      <subfield code="a">Cellular networks are one of today’s most popular means of communication. This fact has made the mobile phone industry subject to a huge scientific and economic competition, where the quality of service is key. Such a quality is measured on the basis of reliability, speed and accuracy when delivering a service to a user no matter his location or behaviour are. This fact has placed the users’ tracking process among the most difficult and determining issues in cellular network design. In this paper, we present an adaptive bi-phased evolutionary algorithm based on the takeover time to solve this problem. The proposal is thoroughly assessed by tackling twenty-five real-world instances of different sizes. Twenty-eight of the state-of-the-art techniques devised to address the users’ mobility problem have been taken as the comparison basis, and several statistical tests have been also conducted. Experiments have demonstrated that our solver outperforms most of the top-ranked algorithms.</subfield>
   </datafield>
   <datafield ind1="8" ind2=" " tag="024">
      <subfield code="a">Zakaria Abdelmoiz, Dahi ; Alba-Torres, Enrique ; Luque-Polo, Gabriel Jesús.  A takeover time-driven adaptive evolutionary algorithm for mobile user tracking in pre-5G cellular networks. Applied Soft Computing Volume 116, February 2022, 107992. https://doi.org/10.1016/j.asoc.2021.107992</subfield>
   </datafield>
   <datafield ind1="8" ind2=" " tag="024">
      <subfield code="a">https://hdl.handle.net/10630/23945</subfield>
   </datafield>
   <datafield ind1="8" ind2=" " tag="024">
      <subfield code="a">10.1016/j.asoc.2021.107992</subfield>
   </datafield>
   <datafield tag="653" ind2=" " ind1=" ">
      <subfield code="a">Comunicación -- Análisis de red</subfield>
   </datafield>
   <datafield ind2="0" ind1="0" tag="245">
      <subfield code="a">A takeover time-driven adaptive evolutionary algorithm for mobile user tracking in pre-5G cellular networks</subfield>
   </datafield>
</record>
</metadata></record></GetRecord></OAI-PMH>